000 00470nam a2200181Ia 4500
005 20250923145525.0
008 008 250917s9999 xx 000 0 eng d
037 _aTextual
040 _aDSWL
_beng
_cDSWL
041 _aeng
_2eng
084 _aY12.2, N79
_qDSWL
245 0 _aYouth clubs
260 _aNew Delhi
_bDelhi Vishwa Yuvak Kendra
_c1979
365 _aINR
_b26
925 _g26
942 _cTEXL
_hY12.2, N79
999 _c1452411
_d1452411